Statystyki dla Flagi państw graniczących z Mali

Kliknij tutaj aby rozwiązać quiz!

Ogólne statystyki

  • Ten quiz został rozwiązany 29 razy
  • Średni wynik to 6 z 7

Statystyki odpowiedzi

Odpowiedź% Poprawnych
Niger
100%
Algieria
93%
Mauretania
93%
Wybrzeże Kości Słoniowej
93%
Senegal
89%
Burkina Faso
85%
Gwinea
78%

Rozkład punktacji

Percentyl według liczby udzielonych odpowiedzi

Procent ludzi z każdym wynikiem

Twoja historia wyników

Nie rozwiązałeś tego quizu